Bodas reales / (Record no. 161830)

MARC details
000 -LEADER
campo de control de longitud fija 00948nam a2200229 i 4500
001 - NÚMERO DE CONTROL
campo de control 161830
003 - IDENTIFICADOR DE NÚMERO DE CONTROL
campo de control ES-MaACL
005 - FECHA Y HORA DE LA ÚLTIMA TRANSACCIÓN
campo de control 20250804062623.0
008 - DATOS DE LONGITUD FIJA--INFORMACIÓN GENERAL
campo de control de longitud fija 950206s1900 sp |||| | spa d
100 1# - ENTRADA PRINCIPAL--NOMBRE DE PERSONA
Nombre de persona Pérez Galdós, Benito,
Fechas asociadas al nombre 1843-1920
9 (RLIN) 90871
245 10 - MENCIÓN DEL TÍTULO
Título Bodas reales /
Mención de responsabilidad, etc. B. Pérez Galdós.
260 ## - PUBLICACIÓN, DISTRIBUCIÓN, ETC.
Lugar de publicación, distribución, etc. Madrid :
Nombre del editor, distribuidor, etc. Obras de Pérez Galdos,
Fecha de publicación, distribución, etc. 1900 (
Fabricante Est. Tip. de la Viuda e Hijos de Tello)
300 ## - DESCRIPCIÓN FÍSICA
Extensión 355 p. ;
Dimensiones 19 cm.
490 1# - MENCIÓN DE SERIE
Mención de serie Episodios nacionales. [30]. Tercera serie ;
Designación de volumen o secuencia [10]
530 ## - NOTA DISPONIBLE DE FORMULARIO FÍSICO ADICIONAL
Nota de formato físico adicional disponible Disponible en formato digital.
598 ## - NOTA LOCAL
Nota local Número de colección obtenida de Palau y de NUC.
651 #4 - PUNTO DE ACCESO ADICIONAL DE MATERIA--NOMBRE GEOGRÁFICO
Nombre geográfico España-
Subdivisión general Historia-
Subdivisión cronológica 1843-1868, Isabel II-
Subdivisión de forma Novelas.
9 (RLIN) 166739
830 0# - PUNTO DE ACCESO ADICIONAL DE SERIE-TÍTULO UNIFORME
Título uniforme Episodios nacionales. [30]. Tercera serie ;
Designación de volumen o secuencia [10]
9 (RLIN) 222145
852 ## - LOCALIZACIÓN
Ubicación ES-MaACL
Número de control de estantería B-5827
Nota libre - Enc. pasta española
856 ## - LOCALIZACIÓN Y ACCESO ELECTRÓNICOS
Identificador Uniforme de Recursos <a href="http://bdh-rd.bne.es/viewer.vm?id=0000231836&page=1 ">http://bdh-rd.bne.es/viewer.vm?id=0000231836&page=1 </a>
Nota pública Biblioteca Digital Hispánica
Holdings
Estatus retirado Estado de pérdida Estado de daño No para préstamo Colección Biblioteca de origen Biblioteca actual Ubicación en estantería Fecha de adquisición Fuente de adquisición Total de préstamos Signatura topográfica completa Código de barras Visto por última vez Precio de reemplazo Tipo de ítem Koha
        Colección digital Biblioteca del Ateneo de Madrid Biblioteca del Ateneo de Madrid Sala Pardo Bazán 17/01/2008     B-5827 1169520 23/02/2023 23/02/2023 Libro impreso antiguo